| 000 | 01090nmc a2200421 a 4500 | ||
|---|---|---|---|
| 003 | AR-BaBNM | ||
| 005 | 20251128210020.0 | ||
| 008 | 011101s1997 ||||||||||||||000 | spa|| | ||
| 020 | _a950-21-1066-8 | ||
| 040 | _cAR-BaBNM | ||
| 100 | 1 | _aPardo Belgrano, María Ruth | |
| 245 | 1 | 0 | _aLa magia del teatro |
| 260 |
_aBuenos Aires _bPlus Ultra _c1997 |
||
| 300 | 0 |
_a63 p. _bil. |
|
| 490 | 0 | _aHoy descubro | |
| 500 | 0 | _aContiene glosario | |
| 600 | 1 | 4 | _aShakespeare, William |
| 600 | 1 | 4 |
_aVega, Lope de _d1562-1635 |
| 600 | 0 | 4 | _aSofocles |
| 600 | 0 | 4 | _aMoliere |
| 600 | 1 | 4 | _aGarcía Lorca, Federico |
| 600 | 1 | 4 | _aIbsen, Enrique |
| 650 | 4 | _aORATORIA | |
| 650 | 4 | _aTEATRO | |
| 650 | 4 | _aEDUCACION ARTISTICA | |
| 650 | 4 | _aARTES ESCENICAS | |
| 650 | 4 | _aENSENANZA DE ARTE DRAMATICO | |
| 650 | 4 | _aHISTORIA DEL TEATRO | |
| 650 | 4 | _aESCENOGRAFIA | |
| 650 | 4 | _aAPRECIACION ARTISTICA | |
| 650 | 4 | _aGUIONES | |
| 650 | 4 | _aVIDA TEATRAL | |
| 650 | 4 | _aTEATRO NACIONAL | |
| 651 | 4 | _aArgentina | |
| 700 | 1 |
_aFracchia, Martha _eilustrador |
|
| 942 | _cBK | ||
| 998 | _creynoso | ||
| 999 |
_c13715 _d13715 |
||